000 00316cam a22001097a 4500
008 180718b1975 xxu||||| |||| 00| 0 eng d
082 _aQ503x42 Un3
245 _aSocial security act, 1975
_cBy HMSO
260 _aLondon
_bHMSO
_c1975
300 _a185p.
650 _aSocial security -- Law and legislation - Great Britain
999 _c412689
_d412689